000
00315nam a2200121Ia 4500
008
190216s9999||||xx |||||||||||||| ||und||
100
_a
Sanathanan Pillai
245
0
_a
Kalidasa Sakunthalam
260
_b
Sahithya Pravarthaka Sahakarana Sangam
_c
1998
300
_a
130p
650
_a
Malayalam Nadakam
942
_c
BK
999
_c
26312
_d
26312